[Event "Florianopolis op 11th"]
[Site "Florianopolis"]
[Date "2025.01.20"]
[Round "3"]
[White "Perez, Nahim Nomar Lopez"]
[Black "Hataby, Raed"]
[Result "1-0"]
[WhiteElo "1767"]
[BlackElo "1910"]
[PlyCount "105"]
[EventDate "2025.01.18"]
[EventType "swiss"]
[EventRounds "10"]
[EventCountry "BRA"]
[SourceTitle "CB05_2025"]
[SourceDate "2025.01.29"]
[SourceVersion "1"]
[SourceVersionDate "2025.01.29"]
[SourceQuality "1"]

1. e4 d6 2. d4 Nf6 3. Nc3 g6 4. Bg5 c6 5. Qd2 h6 6. Be3 Qa5 7. f3 b5 8. a3 a6 9. Nge2 Nbd7 10. Nc1 Qc7 11. Nb3 Bg7 12. Be2 h5 13. 0-0-0 Bb7 14. Bf4 e5 15. dxe5 dxe5 16. Bg5 0-0-0 17. Qe3 Qb6 18. Qxb6 Nxb6 19. Nc5 Kc7 20. Nxb7 Kxb7 21. Rxd8 Rxd8 22. Rd1 Rd7 23. b3 Ng8 24. Rxd7+ Nxd7 25. a4 Bh6 26. Bxh6 Nxh6 27. axb5 axb5 28. Kd2 Kc7 29. b4 Kd6 30. Nd1 Nb6 31. Ne3 f5 32. c4 bxc4 33. Nxc4+ Nxc4+ 34. Bxc4 g5 35. Ke3 h4 36. h3 f4+ 37. Kd3 Kc7 38. Kc3 Kd6 39. Kb3 Kc7 40. Ka4 Kb6 41. Be6 Ka6 42. Kb3 Kb5 43. Bc4+ Kb6 44. Ka4 c5 45. b5 Ka7 46. Ka5 Kb7 47. b6 g4 48. hxg4 Nxg4 49. fxg4 f3 50. gxf3 h3 51. Bf1 h2 52. Bg2 c4 53. Kb4 1-0

[Event "Florianopolis op 11th"]
[Site "Florianopolis"]
[Date "2025.01.18"]
[Round "1"]
[White "Perez, Nahim Nomar Lopez"]
[Black "Da Silveira, Victor Premoler"]
[Result "1/2-1/2"]
[WhiteElo "1767"]
[BlackElo "1800"]
[PlyCount "22"]
[EventDate "2025.01.18"]
[EventType "swiss"]
[EventRounds "10"]
[EventCountry "BRA"]
[SourceTitle "CB05_2025"]
[SourceDate "2025.01.29"]
[SourceVersion "1"]
[SourceVersionDate "2025.01.29"]
[SourceQuality "1"]

1. e4 e5 2. Nf3 Nc6 3. Bb5 a6 4. Bxc6 dxc6 5. d4 exd4 6. Qxd4 Bg4 7. Nbd2 Qxd4 8. Nxd4 0-0-0 9. Ne2 Bc5 10. f3 Bh5 11. Nc4 Bg6 1/2-1/2

[Event "Maringa op 1st"]
[Site "Maringa"]
[Date "2024.07.27"]
[Round "3"]
[White "Biazon, Heloise De Oliveira"]
[Black "Perez, Nahim Nomar Lopez"]
[Result "0-1"]
[WhiteElo "1431"]
[BlackElo "1800"]
[PlyCount "45"]
[EventDate "2024.07.26"]
[EventType "swiss"]
[EventRounds "6"]
[EventCountry "BRA"]
[SourceTitle "CBM 221 Extra"]
[Source "ChessBase"]
[SourceDate "2024.09.30"]
[SourceVersion "1"]
[SourceVersionDate "2024.09.30"]
[SourceQuality "1"]

1. d4 d5 2. c4 c6 3. Nc3 Nf6 4. Bf4 Bf5 5. e3 dxc4 6. Bxc4 e6 7. Nf3 Nbd7 8. 0-0 Be7 9. Ne5 0-0 10. Qe2 Ne4 11. Nxd7 Nxc3 12. bxc3 Qxd7 13. e4 Bg6 14. Rad1 Rad8 15. d5 cxd5 16. exd5 Qa4 17. dxe6 Rxd1 18. Rxd1 fxe6 19. Qxe6+ Kh8 20. Rd7 Bf6 21. h3 Bxc3 22. Qe7 Rg8 23. Rxb7 0-1

[Event "Maringa op 1st"]
[Site "Maringa"]
[Date "2024.07.27"]
[Round "4"]
[White "Perez, Nahim Nomar Lopez"]
[Black "Vieira, Luana Saddi"]
[Result "0-1"]
[WhiteElo "1800"]
[BlackElo "1709"]
[PlyCount "84"]
[EventDate "2024.07.26"]
[EventType "swiss"]
[EventRounds "6"]
[EventCountry "BRA"]
[SourceTitle "CBM 221 Extra"]
[Source "ChessBase"]
[SourceDate "2024.09.30"]
[SourceVersion "1"]
[SourceVersionDate "2024.09.30"]
[SourceQuality "1"]

1. e4 e5 2. Nf3 Nc6 3. Bb5 a6 4. Bxc6 dxc6 5. d4 exd4 6. Qxd4 Bg4 7. Be3 Bxf3 8. Qxd8+ Rxd8 9. gxf3 g6 10. Nd2 Bg7 11. 0-0-0 Bh6 12. Nc4 Bxe3+ 13. Nxe3 Nf6 14. Rxd8+ Kxd8 15. Ng4 Nd7 16. Rd1 Ke7 17. f4 h5 18. Ne5 Nxe5 19. fxe5 g5 20. Rd3 Rh6 21. Kd2 Re6 22. Ke3 Rxe5 23. f4 Rb5 24. b3 f6 25. a3 gxf4+ 26. Kxf4 Rg5 27. Rd2 Ke6 28. Re2 Rg1 29. c4 Rf1+ 30. Kg3 Rg1+ 31. Kh4 Rg5 32. Rf2 a5 33. Rf3 Rg4+ 34. Kxh5 Rxe4 35. h4 a4 36. c5 b6 37. Rc3 Kd5 38. bxa4 Rxa4 39. cxb6 cxb6 40. Rf3 Ke5 41. Rc3 c5 42. Rh3 f5 0-1